000 00359nam a2200145Ia 4500
008 221030s9999 xx 000 0 und d
041 _aEnglish
082 _a105.23
_bAro
100 _aP. N. Arora
245 0 _aFundamentals of Mathematics Class XI
260 _bS. Chand & Co.
_aNew Delhi
_c1989
300 _a14.78
650 _aBE Mathematics
942 _cBK
999 _c1116
_d1116